| 000 | 00945nam0a22002291 4500 | ||
|---|---|---|---|
| 001 | v19\rc\2010792 | ||
| 005 | 20260407063305.0 | ||
| 035 | _a(NLR Aleph) 005092615 | ||
| 090 |
_a7312826 _c7312826 |
||
| 100 | _a20080925d1901 |||y0rusy50 ca | ||
| 101 | 0 | _arus | |
| 102 | _aRU | ||
| 105 | _aa z ||||| | ||
| 200 | 1 | _aНаставление к употреблению настоящей американской бесшумной швейной машины, изготовляемой фабрикою Компании швейных машин Нью-Гом (г. Оранж, в штате Массачусетс, в Америке) | |
| 210 |
_aМосква _d1901 |
||
| 215 |
_a32 с. _cил. |
||
| 710 | 0 | 2 |
_aНью-Гом, компания швейных машин _cОранж; США _3RU\NLR\AUTH\8810030584 _9559764 |
| 801 | 0 |
_aRU _bNLR _gpsbo |
|
| 801 | 1 |
_aRU _bProSoft-M _2rusmarc |
|
| 852 |
_aNLR _j34.53.4.994 |
||
| 942 | _cBOOK | ||
| 980 | _aNB | ||